<?xml version="1.0" encoding="UTF-8"?>
<collection xmlns="http://www.loc.gov/MARC21/slim">
 <record>
  <leader>01815nam a22002537a 4500</leader>
  <controlfield tag="001">NCT_50312</controlfield>
  <controlfield tag="008">180913b        xxu||||| |||| 00| 0 vie d</controlfield>
  <datafield tag="999" ind1=" " ind2=" ">
   <subfield code="c">2404</subfield>
   <subfield code="d">2404</subfield>
  </datafield>
  <datafield tag="020" ind1=" " ind2=" ">
   <subfield code="a">9786048222048</subfield>
   <subfield code="c">108000</subfield>
  </datafield>
  <datafield tag="082" ind1="0" ind2="4">
   <subfield code="2">23rd ed.</subfield>
   <subfield code="a">621.19</subfield>
   <subfield code="b">H107</subfield>
  </datafield>
  <datafield tag="100" ind1="1" ind2=" ">
   <subfield code="a">Lê Quang Hanh </subfield>
   <subfield code="e">Chủ biên</subfield>
  </datafield>
  <datafield tag="245" ind1="1" ind2="0">
   <subfield code="a">Phân tích sự cố và quản lý rủi ro trong xây dựng công trình ngầm</subfield>
   <subfield code="c">Lê Quang Hanh (chủ biên) ; Nguyễn Viết Trung</subfield>
  </datafield>
  <datafield tag="260" ind1=" " ind2=" ">
   <subfield code="a">H.</subfield>
   <subfield code="b">Xây dựng</subfield>
   <subfield code="c">2017</subfield>
  </datafield>
  <datafield tag="300" ind1=" " ind2=" ">
   <subfield code="a">206 tr.</subfield>
   <subfield code="b">hình vẽ</subfield>
   <subfield code="c">27cm</subfield>
  </datafield>
  <datafield tag="520" ind1="3" ind2=" ">
   <subfield code="a">Nội dung sách gồm 8 chường nói vè Khảo sát, phân tích, đánh giá sự cố thi công công trình ngầm điển hình tại Việt Nam, quản lý rủi ro đối với hầm đào lộ thiên, hầm thi công theo phương pháp khoan đào....</subfield>
  </datafield>
  <datafield tag="653" ind1=" " ind2=" ">
   <subfield code="a">Kỹ thuật công trình xây dựng</subfield>
  </datafield>
  <datafield tag="700" ind1="1" ind2=" ">
   <subfield code="a">Nguyễn Viết Trung</subfield>
  </datafield>
  <datafield tag="942" ind1=" " ind2=" ">
   <subfield code="2">ddc</subfield>
   <subfield code="c">BK</subfield>
  </datafield>
  <datafield tag="952" ind1=" " ind2=" ">
   <subfield code="0">0</subfield>
   <subfield code="1">0</subfield>
   <subfield code="2">ddc</subfield>
   <subfield code="4">0</subfield>
   <subfield code="6">621_190000000000000_H107</subfield>
   <subfield code="7">0</subfield>
   <subfield code="9">13864</subfield>
   <subfield code="a">000001</subfield>
   <subfield code="b">000001</subfield>
   <subfield code="d">2018-09-13</subfield>
   <subfield code="o">621.19 H107</subfield>
   <subfield code="p">MD.12988</subfield>
   <subfield code="r">2018-09-13</subfield>
   <subfield code="v">108000.00</subfield>
   <subfield code="w">2018-09-13</subfield>
   <subfield code="y">BK</subfield>
  </datafield>
  <datafield tag="952" ind1=" " ind2=" ">
   <subfield code="0">0</subfield>
   <subfield code="1">0</subfield>
   <subfield code="2">ddc</subfield>
   <subfield code="4">0</subfield>
   <subfield code="6">621_190000000000000_H107</subfield>
   <subfield code="7">0</subfield>
   <subfield code="9">13865</subfield>
   <subfield code="a">000001</subfield>
   <subfield code="b">000001</subfield>
   <subfield code="d">2018-09-13</subfield>
   <subfield code="o">621.19 H107</subfield>
   <subfield code="p">MD.12989</subfield>
   <subfield code="r">2018-09-13</subfield>
   <subfield code="v">108000.00</subfield>
   <subfield code="w">2018-09-13</subfield>
   <subfield code="y">BK</subfield>
  </datafield>
  <datafield tag="952" ind1=" " ind2=" ">
   <subfield code="0">0</subfield>
   <subfield code="1">0</subfield>
   <subfield code="2">ddc</subfield>
   <subfield code="4">0</subfield>
   <subfield code="6">621_190000000000000_H107</subfield>
   <subfield code="7">0</subfield>
   <subfield code="9">13866</subfield>
   <subfield code="a">000001</subfield>
   <subfield code="b">000001</subfield>
   <subfield code="d">2018-09-13</subfield>
   <subfield code="o">621.19 H107</subfield>
   <subfield code="p">MD.12990</subfield>
   <subfield code="r">2018-09-13</subfield>
   <subfield code="v">108000.00</subfield>
   <subfield code="w">2018-09-13</subfield>
   <subfield code="y">BK</subfield>
  </datafield>
  <datafield tag="952" ind1=" " ind2=" ">
   <subfield code="0">0</subfield>
   <subfield code="1">0</subfield>
   <subfield code="2">ddc</subfield>
   <subfield code="4">0</subfield>
   <subfield code="6">621_190000000000000_H107</subfield>
   <subfield code="7">0</subfield>
   <subfield code="9">13867</subfield>
   <subfield code="a">000001</subfield>
   <subfield code="b">000001</subfield>
   <subfield code="d">2018-09-13</subfield>
   <subfield code="o">621.19 H107</subfield>
   <subfield code="p">MD.12991</subfield>
   <subfield code="r">2018-09-13</subfield>
   <subfield code="v">108000.00</subfield>
   <subfield code="w">2018-09-13</subfield>
   <subfield code="y">BK</subfield>
  </datafield>
  <datafield tag="952" ind1=" " ind2=" ">
   <subfield code="0">0</subfield>
   <subfield code="1">0</subfield>
   <subfield code="2">ddc</subfield>
   <subfield code="4">0</subfield>
   <subfield code="6">621_190000000000000_H107</subfield>
   <subfield code="7">0</subfield>
   <subfield code="9">13868</subfield>
   <subfield code="a">000001</subfield>
   <subfield code="b">000001</subfield>
   <subfield code="d">2018-09-13</subfield>
   <subfield code="o">621.19 H107</subfield>
   <subfield code="p">MD.12992</subfield>
   <subfield code="r">2018-09-13</subfield>
   <subfield code="v">108000.00</subfield>
   <subfield code="w">2018-09-13</subfield>
   <subfield code="y">BK</subfield>
  </datafield>
  <datafield tag="980" ind1=" " ind2=" ">
   <subfield code="a">Thư viện Trường Đại học Nam Cần Thơ</subfield>
  </datafield>
 </record>
</collection>
